LEADER 01411nam0 22003373i 450 001 TO00774275 005 20231121125841.0 100 $a20111104d1943 ||||0itac50 ba 101 | $aita 102 $ava 181 1$6z01$ai $bxxxe 182 1$6z01$an 200 1 $a˜La œgeologia delle catacombe romane$fG. De Angelis D'Ossat 210 $aCittà del Vaticano$cPontificio Istituto di archeologia cristiana$d[1943] 215 $a310 p.$cill.$d36 cm. 225 | $aRoma sotterranea cristiana$v3 410 0$1001CFI0138847$12001 $aRoma sotterranea cristiana$v3 606 $aRoma$xCatacombe$2FIR$3RMLC074794$9I 606 $aCatacombe$xGeologia$xRoma $2FIR$3RMLC422654$9I 676 $a723.1$9$v21 676 $a937.6$9STORIA GENERALE DEL MONDO ANTICO. PENISOLA ITALIANA E TERRITORI LIMITROFI FINO AL 476$v21 700 1$aDe Angelis d'Ossat$b, Guglielmo$3CFIV036693$4070$010613 801 3$aIT$bIT-01$c20111104 850 $aIT-FR0084 $aIT-FR0017 899 $aBiblioteca Del Monumento Nazionale Di Montecassino$bFR0084 899 $aBiblioteca umanistica Giorgio Aprea$bFR0017 $eN 912 $aTO00774275 950 0$aBiblioteca umanistica Giorgio Aprea$d 52DSR F 87$e 52FLS0000385295 VMB RS $fC $h20141205$i20141205 977 $a 25$a 52 996 $aGeologia delle catacombe romane$93638280 997 $aUNICAS LEADER 02891oam 2200709M 450 001 9910783972803321 005 20230421043630.0 010 $a1-135-71660-9 010 $a0-585-45240-7 010 $a1-280-10934-3 010 $a1-135-71661-7 010 $a0-203-45410-3 024 7 $a10.4324/9780203454107 035 $a(CKB)1000000000254465 035 $a(EBL)178753 035 $a(OCoLC)663326147 035 $a(SSID)ssj0000126581 035 $a(PQKBManifestationID)11143062 035 $a(PQKBTitleCode)TC0000126581 035 $a(PQKBWorkID)10046431 035 $a(PQKB)10865352 035 $a(SSID)ssj0000292238 035 $a(PQKBManifestationID)11191812 035 $a(PQKBTitleCode)TC0000292238 035 $a(PQKBWorkID)10255429 035 $a(PQKB)11326791 035 $a(MiAaPQ)EBC178753 035 $a(Au-PeEL)EBL178753 035 $a(CaPaEBR)ebr10057616 035 $a(CaONFJC)MIL10934 035 $a(OCoLC)52742877 035 $a(OCoLC)1148140847 035 $a(OCoLC-P)1148140847 035 $a(FlBoTFG)9780203454107 035 $a(EXLCZ)991000000000254465 100 $a19951121j19960301 uy 0 101 0 $aeng 135 $aur|n||||||||| 181 $ctxt 182 $cc 183 $acr 200 14$aThe Compleat Observer? $eA Field Research Guide to Observation 210 $aNew York $cRoutledge$dMarch 1996$aFlorence $cTaylor & Francis Group [distributor] 215 $a1 online resource (151 p.) 225 1 $aQualitative studies series ;$v2 300 $aDescription based upon print version of record. 311 $a0-7507-0551-5 311 $a0-7507-0550-7 320 $aIncludes bibliographical references (p. 134-139) and index. 327 $aBook Cover; Title; Contents; Problems and Pitfalls; 'You Are Here'; 'Inside Out or Outside In?'; The Ethics of Entry; Validity and Invalidity Benefits; Checking It Out; Seeing Through The Interview; Research in the Technological Sense; Seven Types of Creativity: Observation and Data Analysis; Closely Observed Training; Administering Poison: Reporting Observations; Tales of Future Past; Bibliography; Index 330 8 $aAnnotation$bAnalyzes issues in observation for professional purposes in classrooms, discussing ethical issues; theories on the nature of observation; interviews; seven types of creativity; observing training; and reporting observations. Includes numerous vignettes. Distributed by Taylor and Francis. Annotation copyright by Book News, Inc., Portland, OR. 410 0$aQualitative studies series ;$v2. 606 $aObservation (Educational method) 615 0$aObservation (Educational method) 676 $a371.1/02 700 $aSanger$b Jack$01518564 801 0$bOCoLC-P 801 1$bOCoLC-P 906 $aBOOK 912 $a9910783972803321 996 $aThe Compleat Observer$93756176 997 $aUNINA